New U-Bahn map Vienna - map - Statistics

General Stats
  • This quiz has been taken 16 times
    7 since last reset
  • The average score is 77 of 122
Answers on the Map
Answers color-coded by a green-red scale on the quiz's map according to % correct below.
 
Answer Stats
U-Bahn Antwort % Correct
U6 Bahnhof Meidling
100%
U4 Friedensbrücke
100%
U4 Heiligenstadt
100%
U4 Hütteldorf
100%
U1 | U4 | U5 Karlsplatz
100%
U3 | U4 Landstraße
100%
U4 Meidling Hauptstraße
100%
U1 Nestroyplatz
100%
U3 Ottakring
100%
U4 Roßauer Lände
100%
U2 | U4 Schottenring
100%
U2 Schottentor
100%
U2 Seestadt
100%
U4 | U6 Spittelau
100%
U2 Stadion
100%
U1 | U3 Stephansplatz
100%
U3 | U6 Westbahnhof
100%
U1 Altes Landgut
75%
U2 Aspern Nord
75%
U2 Aspernstraße
75%
U1 Donauinsel
75%
U2 Donaumarina
75%
U3 Enkplatz
75%
U6 Floridsdorf
75%
U3 Gasometer
75%
U6 Handelskai
75%
U6 Jägerstraße
75%
U1 Kagran
75%
U1 Kaisermühlen – VIC
75%
U4 | U6 Längenfeldgasse
75%
U1 Leopoldau
75%
U2 Messe-Prater
75%
U5 Museumsquartier
75%
U1 Oberlaa
75%
U1 | U2 Praterstern
75%
U2 | U5 Rathaus
75%
U1 Reumannplatz
75%
U4 Schönbrunn
75%
U1 | U4 Schwedenplatz
75%
U6 Siebenhirten
75%
U3 Simmering
75%
U4 Stadtpark
75%
U1 Südtiroler Platz-Hauptbahnhof
75%
U1 Taubstummengasse
75%
U1 Troststraße
75%
U3 | U5 Volkstheater
75%
U1 Alaudagasse
50%
U6 Alser Straße
50%
U1 Alte Donau
50%
U6 Alterlaa
50%
U6 Am Schöpfwerk
50%
U4 Braunschweiggasse
50%
U6 Burggasse-Stadthalle
50%
U2 Donauspital
50%
U2 Donaustadtbrücke
50%
U6 Dresdner Straße
50%
U6 Erlaaer Straße
50%
U1 Großfeldsiedlung
50%
U6 Gumpendorfer Straße
50%
U2 Hausfeldstraße
50%
U3 Herrengasse
50%
U4 Hietzing
50%
U3 Hütteldorfer Straße
50%
U3 Johnstraße
50%
U6 Josefstädter Straße
50%
U1 Kagraner Platz
50%
U3 Kardinal-Nagl-Platz
50%
U3 Kendlerstraße
50%
U1 Keplerplatz
50%
U4 Kettenbrückengasse
50%
U2 Krieau
50%
U2 Lina-Loos-Platz
50%
U4 Margaretengürtel
50%
U5 | U6 Michelbeuern - AKH
50%
U2 | U3 Neubaugasse
50%
U6 Neue Donau
50%
U1 Neulaa
50%
U6 Niederhofstraße
50%
U6 Nußdorfer Straße
50%
U4 Ober St. Veit
50%
U6 Perfektastraße
50%
U2 | U4 Pilgramgasse
50%
U1 Rennbahnweg
50%
U3 Schlachthausgasse
50%
U3 Schweglerstraße
50%
U2 Stadlau
50%
U3 Stubentor
50%
U6 Thaliastraße
50%
U6 Tscherttegasse
50%
U4 Unter St. Veit
50%
U1 Vorgartenstraße
50%
U6 Währinger Straße-Volksoper
50%
U3 Zieglergasse
50%
U3 Zippererstraße
50%
U1 Aderklaaer Straße
25%
U5 Elterleinplatz
25%
U3 Erdberg
25%
U2 Hardeggasse
25%
U2 Matzleinsdorfer Platz
25%
U3 Rochusgasse
25%
U2 Wienerberg
25%
U5 Arne-Karlsson-Park
0%
U5 Frankhplatz
0%
U2 Gußriegelstraße
0%
U5 Hernals
0%
U2 Reinprechtsdorfer Straße
0%
U2 Taborstraße
0%
No matching quizzes found
Score Distribution
Percent of People with Each Score
Percentile by Number Answered
Your Score History
You have not taken this quiz since the last reset